<?xml version="1.0" encoding="UTF-8"?>
<record
    xmlns:xsi="http://www.w3.org/2001/XMLSchema-instance"
    xsi:schemaLocation="http://www.loc.gov/MARC21/slim http://www.loc.gov/standards/marcxml/schema/MARC21slim.xsd"
    xmlns="http://www.loc.gov/MARC21/slim">

  <leader>00543nam a22001937a 4500</leader>
  <controlfield tag="005">20260415100453.0</controlfield>
  <controlfield tag="008">260415b        |||||||| |||| 00| 0 eng d</controlfield>
  <datafield tag="022" ind1=" " ind2=" ">
    <subfield code="a">978-0-323-87396-3</subfield>
  </datafield>
  <datafield tag="050" ind1=" " ind2=" ">
    <subfield code="a">RM 301 .R36 2024</subfield>
  </datafield>
  <datafield tag="100" ind1=" " ind2=" ">
    <subfield code="a">RITTER, JAMES M.</subfield>
  </datafield>
  <datafield tag="245" ind1=" " ind2=" ">
    <subfield code="a">RANG AND DALE'S PHARMACOLOGY</subfield>
  </datafield>
  <datafield tag="250" ind1=" " ind2=" ">
    <subfield code="a">10TH</subfield>
  </datafield>
  <datafield tag="260" ind1=" " ind2=" ">
    <subfield code="a">LONDON,</subfield>
    <subfield code="b">ELSEVEIR,</subfield>
    <subfield code="c">2024.</subfield>
  </datafield>
  <datafield tag="300" ind1=" " ind2=" ">
    <subfield code="a">XVII, 850 P , ILL</subfield>
  </datafield>
  <datafield tag="500" ind1=" " ind2=" ">
    <subfield code="a">INCLUDES INDEX.</subfield>
  </datafield>
  <datafield tag="650" ind1=" " ind2=" ">
    <subfield code="a">PHARMACOLOGY- TEXTBOOK</subfield>
  </datafield>
  <datafield tag="700" ind1=" " ind2=" ">
    <subfield code="a">FLOWER, ROD.                        MACEWAN, DAVID</subfield>
  </datafield>
  <datafield tag="942" ind1=" " ind2=" ">
    <subfield code="2">lcc</subfield>
    <subfield code="c">BK</subfield>
  </datafield>
  <datafield tag="999" ind1=" " ind2=" ">
    <subfield code="c">216960</subfield>
    <subfield code="d">216960</subfield>
  </datafield>
  <datafield tag="952" ind1=" " ind2=" ">
    <subfield code="0">0</subfield>
    <subfield code="1">0</subfield>
    <subfield code="2">lcc</subfield>
    <subfield code="4">0</subfield>
    <subfield code="6">RM0301 R36  02024</subfield>
    <subfield code="7">0</subfield>
    <subfield code="8">MED</subfield>
    <subfield code="9">376843</subfield>
    <subfield code="a">KSUL</subfield>
    <subfield code="b">KSUL</subfield>
    <subfield code="c">DISPLAY</subfield>
    <subfield code="d">2026-04-15</subfield>
    <subfield code="i">112900</subfield>
    <subfield code="l">0</subfield>
    <subfield code="o">RM 301 .R36 2024</subfield>
    <subfield code="p">a001594</subfield>
    <subfield code="r">2026-04-15 10:07:21</subfield>
    <subfield code="t">1</subfield>
    <subfield code="w">2026-04-15</subfield>
    <subfield code="y">BK</subfield>
  </datafield>
  <datafield tag="952" ind1=" " ind2=" ">
    <subfield code="0">0</subfield>
    <subfield code="1">0</subfield>
    <subfield code="2">lcc</subfield>
    <subfield code="4">0</subfield>
    <subfield code="6">RM0301 R36  02024</subfield>
    <subfield code="7">0</subfield>
    <subfield code="8">MED</subfield>
    <subfield code="9">376844</subfield>
    <subfield code="a">KSUL</subfield>
    <subfield code="b">KSUL</subfield>
    <subfield code="c">DISPLAY</subfield>
    <subfield code="d">2026-04-15</subfield>
    <subfield code="i">112901</subfield>
    <subfield code="l">0</subfield>
    <subfield code="o">RM 301 .R36 2024</subfield>
    <subfield code="p">a001593</subfield>
    <subfield code="r">2026-04-15 10:07:00</subfield>
    <subfield code="t">2</subfield>
    <subfield code="w">2026-04-15</subfield>
    <subfield code="y">BK</subfield>
  </datafield>
  <datafield tag="952" ind1=" " ind2=" ">
    <subfield code="0">0</subfield>
    <subfield code="1">0</subfield>
    <subfield code="2">lcc</subfield>
    <subfield code="4">0</subfield>
    <subfield code="6">RM0301 R36  02024</subfield>
    <subfield code="7">0</subfield>
    <subfield code="8">MED</subfield>
    <subfield code="9">376845</subfield>
    <subfield code="a">KSUL</subfield>
    <subfield code="b">KSUL</subfield>
    <subfield code="c">DISPLAY</subfield>
    <subfield code="d">2026-04-15</subfield>
    <subfield code="i">112902</subfield>
    <subfield code="l">0</subfield>
    <subfield code="o">RM 301 .R36 2024</subfield>
    <subfield code="p">a001592</subfield>
    <subfield code="r">2026-04-15 10:07:00</subfield>
    <subfield code="t">3</subfield>
    <subfield code="w">2026-04-15</subfield>
    <subfield code="y">BK</subfield>
  </datafield>
  <datafield tag="952" ind1=" " ind2=" ">
    <subfield code="0">0</subfield>
    <subfield code="1">0</subfield>
    <subfield code="2">lcc</subfield>
    <subfield code="4">0</subfield>
    <subfield code="6">RM0301 R36  02024</subfield>
    <subfield code="7">0</subfield>
    <subfield code="8">MED</subfield>
    <subfield code="9">376846</subfield>
    <subfield code="a">KSUL</subfield>
    <subfield code="b">KSUL</subfield>
    <subfield code="c">DISPLAY</subfield>
    <subfield code="d">2026-04-15</subfield>
    <subfield code="i">112903</subfield>
    <subfield code="l">0</subfield>
    <subfield code="o">RM 301 .R36 2024</subfield>
    <subfield code="p">4a001591</subfield>
    <subfield code="r">2026-04-15 10:07:00</subfield>
    <subfield code="t">4</subfield>
    <subfield code="w">2026-04-15</subfield>
    <subfield code="y">BK</subfield>
  </datafield>
</record>
